=LDR 00000nam 2200000 4500 =001 INLIS000000000032876 =005 20130612134849 =008 ***********************************Ind** =035 ##$$a0010-061300000032876 =041 ##$$a Ind =082 ##$$a 813 =090 ##$$a 813 , Zef r3 =100 ##$$a Mahardhika Zifana =245 ##$$a Rahasia Kaum Falasha, Pengaruh filolog Muslim Indonesia di bawah bayang-bayang Zionis, Marhardhika Zifana =260 ##$$a 2009 $b Bandung =300 ##$$a 423 hlm, 17 cm =650 ##$$a Rahasia Kaum Falasha =850 ##$$a NBPNMAT =990 ##$$a 21400613/BPAP-NTB/20142014